|
|
|
|
| LEADER |
01100pam a22003258a 4500 |
| 001 |
00033311 |
| 005 |
20171026081025.0 |
| 008 |
150609s2014 ||||||Viesd |
| 020 |
# |
# |
|a 9786045406397
|c 39000
|
| 041 |
0 |
# |
|a Vie
|
| 082 |
1 |
4 |
|a 150
|b GI108TR
|
| 100 |
1 |
# |
|e Chủ biên
|a Nguyễn, Quang Uẩn
|
| 245 |
0 |
0 |
|c Nguyễn Quang Uẩn (ch.b); Nguyễn Văn Lũy, Đinh Văn Vang
|a Giáo trình tâm lí học đại cương
|
| 250 |
# |
# |
|a In lần thứ mười tám
|
| 260 |
# |
# |
|a Hà Nội
|b Đại học sư phạm
|c 2014
|
| 300 |
# |
# |
|a 172 tr.
|c 24 cm.
|
| 504 |
# |
# |
|a Thư mục: tr. 172
|
| 653 |
# |
# |
|a Giáo trình
|
| 653 |
# |
# |
|a Tâm lí học
|
| 653 |
# |
# |
|a Đại cương
|
| 700 |
1 |
# |
|a Nguyễn, Văn Lũy
|
| 700 |
1 |
# |
|a Đinh, Văn Vang
|
| 852 |
# |
# |
|b Kho giáo trình
|j KGT.0049230
|
| 852 |
# |
# |
|b Kho mượn
|j KGT.0049230
|
| 852 |
# |
# |
|b Kho đọc
|j KD.0016708
|
| 852 |
# |
# |
|j KD.0016708
|j KGT.0049230
|
| 910 |
0 |
# |
|a kchi
|d 9/6/2015
|
| 980 |
# |
# |
|a Trung tâm Học liệu Lê Vũ Hùng, Trường Đại học Đồng Tháp
|